000 00604nam a2200229Ia 4500
003 OSt
005 20221007070810.0
006 a|||||r|||| 00| 0
007 ta
008 221006b |||||||| |||| 00| 0 eng d
024 _a16,690
037 _cTextual
040 _aFLL
_cFLL
_beng
041 _2eng
_aeng
082 _aY1:45:61z7, L2
100 _aReddy G. Ram
245 0 _aDeveloping society and police
260 _aHyderabad
_bOsmania University India
_c1972
300 _a206p
_ccm.
942 _hY1:45:61z7, L2
_cTEXL
_2CC
999 _c1141564
_d1141564